| 000 | 00447nam a22001457a 4500 | ||
|---|---|---|---|
| 020 | _a8131708012 | ||
| 040 | _cNUST | ||
| 082 |
_a621.38154 _bHEL |
||
| 100 |
_aHelfrick , Albert D _9103468 |
||
| 110 |
_aCooper, William D _9123622 |
||
| 245 | _aModern Electronic Instrumentation and Measurement Techniques | ||
| 260 |
_aIndia: _bPearso, _c2007. |
||
| 650 |
_aModern Electronic Instrumentation and Measurement Techniques _9123623 |
||
| 942 |
_2ddc _cBK |
||
| 999 |
_c609751 _d609751 |
||